000 01322cam a22003857a 4500
001 16438740
003 OSt
005 20211109150847.0
008 100830s2010 enkab b 001 0 eng
010 _a 2010935941
015 _aGBB0A5482
_2bnb
016 7 _a015640140
_2Uk
020 _a9781849963527 (hbk.)
035 _a(OCoLC)ocn646113905
038 _aKhadija
040 _aUKM
_cUKM
_dBTCTA
_dYDXCP
_dC#P
_dCDX
_dUKMGB
_dDLC
042 _alccopycat
050 0 0 _aTD662
_b.O23 2010
082 0 4 _a628.214
_222
_bOCA
100 1 _aOcampo-Martinez, Carlos.
_983749
245 1 0 _aModel predictive control of wastewater systems /
_cCarlos Ocampo-Martinez.
260 _aLondon ;
_aNew York :
_bSpringer,
_cc2010.
300 _axxx, 216 p. :
_bill. (some col.), col. map ;
_c24 cm.
490 1 _aAdvances in industrial control,
_x1430-9491
500 _aIncludes Internet access.
504 _aIncludes bibliographical references and index.
563 _ahardcover
650 0 _aCombined sewers
_xAutomatic control.
_983750
650 0 _aPredictive control.
_983751
830 0 _aAdvances in industrial control.
_983752
906 _a7
_bcbc
_ccopycat
_d2
_encip
_f20
_gy-gencatlg
942 _2ddc
_cBK
999 _c33248
_d33248